<?xml version="1.0" encoding="UTF-8"?>
<collection xmlns="http://www.loc.gov/MARC21/slim">
 <record>
  <leader>02684nam a2200289 a 4500</leader>
  <controlfield tag="001">TVCDKTCT12865</controlfield>
  <controlfield tag="003">Thư viện trường Cao đẳng Kỹ thuật Cao Thắng</controlfield>
  <controlfield tag="005">20110420000000</controlfield>
  <controlfield tag="008">110420</controlfield>
  <datafield tag="980" ind1="\" ind2="\">
   <subfield code="a">Thư viện Trường CĐ Kỹ Thuật Cao Thắng</subfield>
  </datafield>
  <datafield tag="024" ind1=" " ind2=" ">
   <subfield code="a">RG_1 #1 eb0 i1</subfield>
  </datafield>
  <datafield tag="020" ind1="#" ind2="#">
   <subfield code="a">9780470230848</subfield>
  </datafield>
  <datafield tag="041" ind1="0" ind2="#">
   <subfield code="a">vie</subfield>
  </datafield>
  <datafield tag="082" ind1="#" ind2="#">
   <subfield code="a">005 / </subfield>
   <subfield code="b">PR400F-k</subfield>
  </datafield>
  <datafield tag="100" ind1="1" ind2="#">
   <subfield code="a">Nayyeri Keyvan</subfield>
  </datafield>
  <datafield tag="245" ind1="0" ind2="0">
   <subfield code="a">Professional Visual Studio Extensibility /</subfield>
   <subfield code="c">Nayyeri Keyvan</subfield>
  </datafield>
  <datafield tag="260" ind1="#" ind2="#">
   <subfield code="a">Canada :</subfield>
   <subfield code="b">Wiley ,</subfield>
   <subfield code="c">2008</subfield>
  </datafield>
  <datafield tag="300" ind1="#" ind2="#">
   <subfield code="a">520tr.</subfield>
  </datafield>
  <datafield tag="520" ind1="#" ind2="#">
   <subfield code="a">oduct Description</subfield>
  </datafield>
  <datafield tag="520" ind1="#" ind2="#">
   <subfield code="a">Whether you want to integrate optimized builds, enhanced programming tools, or other rapid application development features, this unique resource shows you how to develop customized extensions. After a quick introduction of basic concepts, this book delves into the automation model and add-in development with the help of a case study, numerous examples, and sample code. You?ll discover how to take advantage of the Add-in Wizard, manipulate solutions and projects, work with text in documents and programming code, create Tool Options Pages, and more.</subfield>
  </datafield>
  <datafield tag="520" ind1="#" ind2="#">
   <subfield code="a">From the Back Cover</subfield>
  </datafield>
  <datafield tag="520" ind1="#" ind2="#">
   <subfield code="a">Professional Visual Studio Extensibility</subfield>
  </datafield>
  <datafield tag="520" ind1="#" ind2="#">
   <subfield code="a">Are you ready to extend the capabilities of Visual Studio to become more efficient and productive? Whether you want to integrate optimized builds, enhanced programming tools, or other rapid application development features, this unique resource shows you how to develop customized extensions. It not only covers the Visual Studio IDE but also provides you with an excellent reference when coding add-ins, macros, and extensions.</subfield>
  </datafield>
  <datafield tag="520" ind1="#" ind2="#">
   <subfield code="a">After a quick introduction of basic concepts, this book delves into the automation model and add-in development with the help of a case study, numerous examples, and sample code. You'll discover how to take advantage of the Add-in Wizard, manipulate solutions and projects, work with text in documents and programming code, create Tool Options Pages, and more. Next you'll gain an in-depth understanding of specific extensibility options including the Visual Studio Shell and Domain-Specific Languages Tools. After that, you will learn how to integrate your own functionality with Visual Studio with the help of VSPackage. You'll then be able to apply your knowledge to other extensibility points covered in different chapters, including debugger type proxies and visualizers, code snippets, templates, MSBuild, and macros to save time and money when developing applications.</subfield>
  </datafield>
  <datafield tag="520" ind1="#" ind2="#">
   <subfield code="a">What you will learn from this book</subfield>
  </datafield>
  <datafield tag="520" ind1="#" ind2="#">
   <subfield code="a">    *</subfield>
  </datafield>
  <datafield tag="650" ind1="#" ind2="4">
   <subfield code="a">Visual Basic 2008</subfield>
  </datafield>
 </record>
</collection>
